00320nam a2200121Ia 4500003000900000008004100009040001300050040001300063100004000076245006800116300000800184490000600192IT-RoPAU120407s9999 xx 000 0 und d aIT-RoPAU cIT-RoPAU aMarie Henriette Jullien de Pommerol aSources de l'histoire des universités francaises au moyen age c cm v1